000 01417nam a2200349 b 4500
001 45146
003 DO-SdBPM
005 20250721114057.0
007 ta
008 970627s1995 sp a | || ||spa
020 _a8475836437
040 _aDO-SdBPM
_bspa
_cBPMSU
_erda
082 4 _aR036
_bE56t 1995
_2 22
245 0 0 _aEnciclopedia temática Guinness /
_cilustradores Peter Harper ... [et al.] ; equipo de traducción Alberto Cousté ... [et al.].
264 _aBarcelona :
_bEdiciones Folio,
_c1995
300 _a760 páginas :
_bilustraciones, Fotos, mapas. ;
_c29 cm.
336 _atexto
_btxt
_2rdacontent
337 _asin mediación
_bn
_2rdamedia
338 _avolumen
_bnc
_2rdacarrier
500 _aIncluye índice.
505 0 _aLa naturaleza del universo ; La tierra inquieta ; El planeta vivo ; El organismo humano ; El mundo actual ; Tecnología e industria ; Historia mundial ; Religión y filosofía ; Las artes plásticas ; Música y danza; Lengua y literatura ; Los países del mundo.
534 _pTítulo original.
_tThe Guinness encyclopedia.
590 _aInventariado, 2025/VM
650 7 _aEnciclopedia y diccionarios
_2
700 1 _aHarper, Peter,
_eilustración
700 1 _aCousé, Alberto,
_etraductor
700 1 _aCrofton, Ian,
_eeditor
710 2 _aEdiciones Folio
910 _aVMateo V. Control de calidad. BPMSU
942 _2ddc
_cBK
980 _a
_a
999 _c15258
_d15258